000 00451nam a2200157Ia 4500
008 210716s1999 xx 000 0 und d
020 _a0073037141
041 _aeng
082 _a658.4012 THOA
100 _aThompson, Arthur A;Strickland, III A J.
245 _aStrategic management: concepts and cases.
_bConcepts and cases.
250 _a11
260 _aBoston
_bIrwin
_c1999
300 _axxiii,376,C-666,I-16
650 _aStrategic Management
999 _c198548
_d198548